| 000 | 00000nam##2200000za#4500 |
| 001 | 9.571330 |
| 003 | CaOODSP |
| 005 | 20210624182654 |
| 007 | cr ||||||||||| |
| 008 | 150406|1998||||xxc|||||o f|0| 0 eng|d |
| 040 | |aCaOODSP|beng |
| 043 | |an-cn--- |
| 086 | 1 |aTU3-5/98-40E-PDF |
| 110 | 2 |aTransportation Safety Board of Canada. |
| 245 | 10|aLoss of control/stall, Airventures Aviation, Piper PA-23-250 Aztec C-GZOV, Toronto City Centre Airport, Ontario, 12 November 1998 |h[electronic resource] |
| 260 | |aGatineau - Quebec : |bTransportation Safety Board of Canada |c[2000]. |
| 300 | |a5p. |
| 490 | 1 |aAviation investigation report |vA98O0313 |
| 500 | |a"The Board authorized the release of this report on 13 July 2000."--p.5 of 5. |
| 590 | |a12-18-Supp|b2012-04-25 |
| 775 | 08|tPerte de maîtrise et décrochage, Airventures Aviation, Piper PA-23-250 Aztec C-GZOV, Aéroport du centre-ville de Toronto (Ontario), le 12 novembre 1998 |w(CaOODSP)9.601944 |
| 830 | #0|aAviation investigation report ;|vA98O0313|w(CaOODSP)9.504825 |
| 856 | 40|ahttp://publications.gc.ca|qPDF|s72 KB|uhttps://publications.gc.ca/collections/collection_2011/bst-tsb/TU3-5-98-40-eng.pdf|yA98O0313 |